| 000 | 00850nam a2200241 a 4500 | ||
|---|---|---|---|
| 001 | 26869 | ||
| 003 | BD-RjUL | ||
| 005 | 20211209051058.0 | ||
| 008 | 140323s1970 ii a b f001 0 eng d | ||
| 035 | _a(BD-RjUL)26940 | ||
| 040 |
_aLC _beng _cLC _dANL _dBD-RjUL |
||
| 041 | _aeng | ||
| 082 | 0 | 0 |
_a954.035092 _220 _bGAC V-40 1970 |
| 100 | 0 |
_aGandhi, _d1869-1948. _982574 |
|
| 245 | 1 | 4 |
_aThe collected works of Mahatma Gandhi / _cMahatma Gandhi. _nVolume XV : _pFebruary-May 1929. |
| 260 |
_aNew Delhi : _bPublications Division, Ministry of Information and Broadcasting, Govt. of India, _c1970. |
||
| 300 |
_axxiii, 462 p. : _bill.; _c25 cm. |
||
| 504 | _aIncludes bibliographical references and index. | ||
| 600 | 0 | 0 |
_aGandhi, _cMahatma, _d1869-1948 _xCorrespondence. _982582 |
| 942 |
_2ddc _cBK |
||
| 999 |
_c26869 _d26869 |
||